<?xml version="1.0" encoding="UTF-8"?>
<record
    xmlns:xsi="http://www.w3.org/2001/XMLSchema-instance"
    xsi:schemaLocation="http://www.loc.gov/MARC21/slim http://www.loc.gov/standards/marcxml/schema/MARC21slim.xsd"
    xmlns="http://www.loc.gov/MARC21/slim">

  <leader>01858aam a2200409 a 4500</leader>
  <controlfield tag="001">001279344</controlfield>
  <controlfield tag="003">AR-BaBN</controlfield>
  <controlfield tag="005">20251020145753.0</controlfield>
  <controlfield tag="007">ta</controlfield>
  <controlfield tag="008">130430s2012    ag a   jr     000 f spa  </controlfield>
  <datafield tag="015" ind1=" " ind2=" ">
    <subfield code="a">AR-2012</subfield>
  </datafield>
  <datafield tag="020" ind1=" " ind2=" ">
    <subfield code="a">9789500114103</subfield>
  </datafield>
  <datafield tag="040" ind1=" " ind2=" ">
    <subfield code="a">AR-BaBN</subfield>
    <subfield code="b">spa</subfield>
    <subfield code="c">AR-BaBN</subfield>
    <subfield code="e">aacr</subfield>
  </datafield>
  <datafield tag="044" ind1=" " ind2=" ">
    <subfield code="a">ag</subfield>
    <subfield code="c">ar-b</subfield>
  </datafield>
  <datafield tag="100" ind1="1" ind2=" ">
    <subfield code="a">Brand&#xE1;n Ar&#xE1;oz, Mar&#xED;a,</subfield>
    <subfield code="d">1949-</subfield>
    <subfield code="e">autora</subfield>
    <subfield code="4">aut</subfield>
  </datafield>
  <datafield tag="245" ind1="1" ind2="0">
    <subfield code="a">Secret&#xED;sima Virtual :</subfield>
    <subfield code="b">veinte mensajes y una carta desesperada /</subfield>
    <subfield code="c">Mar&#xED;a Brand&#xE1;n Araoz ; ilustraciones de Pablo Fern&#xE1;ndez.</subfield>
  </datafield>
  <datafield tag="250" ind1=" " ind2=" ">
    <subfield code="a">2a ed.</subfield>
  </datafield>
  <datafield tag="260" ind1=" " ind2=" ">
    <subfield code="a">San Isidro :</subfield>
    <subfield code="b">Estrada,</subfield>
    <subfield code="c">2012.</subfield>
  </datafield>
  <datafield tag="300" ind1=" " ind2=" ">
    <subfield code="a">143 p. :</subfield>
    <subfield code="b">il. byn ;</subfield>
    <subfield code="c">20 cm.</subfield>
  </datafield>
  <datafield tag="490" ind1="1" ind2=" ">
    <subfield code="a">Azulejos. Serie Roja</subfield>
    <subfield code="v">44</subfield>
  </datafield>
  <datafield tag="520" ind1="3" ind2=" ">
    <subfield code="a">Mar&#xED;a Brand&#xE1;n Ar&#xE1;oz escribi&#xF3; esta novela por sugerencia de una lectora de sexto grado, durante un encuentro que mantuvieron en la biblioteca de su colegio. Ella le pregunt&#xF3;: "&#xBF;Nunca pens&#xF3; en escribir una novela de cartas entre una chica y un chico?". Entonces un compa&#xF1;ero le replic&#xF3;: "&#xA1;Mejor que sea de e-mails!". As&#xED; naci&#xF3; la primera idea de Secret&#xED;sima Virtual.</subfield>
    <subfield code="c">(Descripci&#xF3;n del editor).</subfield>
  </datafield>
  <datafield tag="655" ind1=" " ind2="4">
    <subfield code="a">Novela</subfield>
  </datafield>
  <datafield tag="655" ind1=" " ind2="4">
    <subfield code="a">Literatura juvenil</subfield>
  </datafield>
  <datafield tag="700" ind1="1" ind2=" ">
    <subfield code="a">Fern&#xE1;ndez, Pablo</subfield>
    <subfield code="e">ilustrador</subfield>
    <subfield code="4">ill</subfield>
  </datafield>
  <datafield tag="830" ind1=" " ind2="0">
    <subfield code="a">Azulejos (Estrada).</subfield>
    <subfield code="p">Serie Roja</subfield>
    <subfield code="v">44</subfield>
  </datafield>
  <datafield tag="929" ind1=" " ind2=" ">
    <subfield code="a">DONACION</subfield>
    <subfield code="b">Biblioteca Municipal de Berazategui.</subfield>
    <subfield code="c">0</subfield>
    <subfield code="d">0</subfield>
    <subfield code="e">2018</subfield>
    <subfield code="f">PAT 0083770</subfield>
    <subfield code="j">63579</subfield>
  </datafield>
  <datafield tag="930" ind1=" " ind2="1">
    <subfield code="l">BNA01</subfield>
    <subfield code="m">LIBRO</subfield>
    <subfield code="6">01004274</subfield>
    <subfield code="8">20130430</subfield>
    <subfield code="f">11</subfield>
    <subfield code="g">5940</subfield>
    <subfield code="s">03</subfield>
    <subfield code="n">000</subfield>
    <subfield code="o">001279345</subfield>
  </datafield>
  <datafield tag="942" ind1=" " ind2=" ">
    <subfield code="2">ddc</subfield>
    <subfield code="n">0</subfield>
    <subfield code="c">LIB</subfield>
  </datafield>
  <datafield tag="956" ind1=" " ind2=" ">
    <subfield code="a">LFERRO</subfield>
    <subfield code="b">00</subfield>
    <subfield code="c">20130430</subfield>
    <subfield code="l">BNA01</subfield>
    <subfield code="h">1249</subfield>
  </datafield>
  <datafield tag="956" ind1=" " ind2=" ">
    <subfield code="a">LFERRO</subfield>
    <subfield code="b">00</subfield>
    <subfield code="c">20130430</subfield>
    <subfield code="l">BNA01</subfield>
    <subfield code="h">1249</subfield>
  </datafield>
  <datafield tag="956" ind1=" " ind2=" ">
    <subfield code="a">DSCOTT</subfield>
    <subfield code="b">20</subfield>
    <subfield code="c">20160119</subfield>
    <subfield code="l">BNA01</subfield>
    <subfield code="h">1451</subfield>
  </datafield>
  <datafield tag="956" ind1=" " ind2=" ">
    <subfield code="a">RHUBERMAN</subfield>
    <subfield code="b">20</subfield>
    <subfield code="c">20210830</subfield>
    <subfield code="l">BNA01</subfield>
    <subfield code="h">1406</subfield>
  </datafield>
  <datafield tag="956" ind1=" " ind2=" ">
    <subfield code="a">RHUBERMAN</subfield>
    <subfield code="b">20</subfield>
    <subfield code="c">20211130</subfield>
    <subfield code="l">BNA01</subfield>
    <subfield code="h">1733</subfield>
  </datafield>
  <datafield tag="956" ind1=" " ind2=" ">
    <subfield code="a">BATCH-UPD</subfield>
    <subfield code="b">20</subfield>
    <subfield code="c">20221219</subfield>
    <subfield code="l">BNA01</subfield>
    <subfield code="h">1007</subfield>
  </datafield>
  <datafield tag="956" ind1=" " ind2=" ">
    <subfield code="a">RHUBERMAN</subfield>
    <subfield code="b">20</subfield>
    <subfield code="c">20230731</subfield>
    <subfield code="l">BNA01</subfield>
    <subfield code="h">1044</subfield>
  </datafield>
  <datafield tag="999" ind1=" " ind2=" ">
    <subfield code="c">1401</subfield>
    <subfield code="d">1401</subfield>
  </datafield>
  <datafield tag="952" ind1=" " ind2=" ">
    <subfield code="0">0</subfield>
    <subfield code="1">0</subfield>
    <subfield code="a">BIBESET</subfield>
    <subfield code="b">BIBESET</subfield>
    <subfield code="c">circulacion</subfield>
    <subfield code="d">2025-10-20</subfield>
    <subfield code="l">0</subfield>
    <subfield code="o">863 BRA</subfield>
    <subfield code="p">63579</subfield>
    <subfield code="r">2025-10-20</subfield>
    <subfield code="w">2025-10-20</subfield>
    <subfield code="y">LIB</subfield>
    <subfield code="k">GA</subfield>
  </datafield>
</record>
